000 01096nam a2200289 a 4500
001 25218
003 CO-ViMGA
005 20230915232047.0
008 141112s2004 ck r 000 u spa d
020 _a9682305894
035 _aADE4952 LA
040 _aCO-ViMGA
_bspa
_cCO-ViMGA
041 _aspa fre
082 0 4 _a153.4 P414g
100 1 _aPiaget, Jean, 1896 - 1980.
_938407
245 1 0 _aBiología y conocimiento :
_bensayo sobre las relaciones entre las regulaciones orgánicas y los procesos cognoscitivos /
_cJean Piaget ; traducción de Francisco González Aramburu.
260 _aMéxico :
_bSiglo Veintiuno Editores,
_c1969.
300 _ax, 338 p. : il. ; 22 cm.
490 _aPsicologia y etologia
504 _aNotas bibliográficas al pie del texto.
650 1 4 _aPsicologia
650 1 4 _aTeoría del conocimiento.
700 1 _aGonzález Aramburu, Francisco, tr.
_938408
942 _2ddc
_cBK
949 _an n
999 _c32844
_d32844